[Event "Bern op"]
[Site "Bern"]
[Date "1996.??.??"]
[Round "5"]
[White "Wayllany, Janos"]
[Black "Gilles, Raphael"]
[Result "1/2-1/2"]
[WhiteElo "2115"]
[BlackElo "2275"]

1.e4 c5 2.Nf3 e6 3.d4 cxd4 4.Nxd4 a6 5.Nc3 Qc7 6.Be2 b5 7.O-O Bb7 8.a3 Nf6
9.Bd3 Be7 10.Be3 Nc6 11.Nxc6 Qxc6 12.f3 O-O 13.Qe2 d6 14.Rfd1 Nd7 15.Nb1 Bf6
16.c3 Nc5 17.Bxc5 Qxc5+ 18.Kh1 Qh5 19.Nd2 Be5 20.Nf1 Rfc8 21.Qf2 g5 22.Be2 Qg6
23.Ng3 Bc6 24.Rg1 Kh8 25.Rad1 Rcb8 26.Rd3 a5 27.Rgd1 Qf6 28.Nh5 Qe7 29.h4 d5
30.exd5 Bxd5 31.hxg5 Qxg5 32.f4 Qf5 33.Rxd5 exd5 34.Rxd5 Re8 35.Rxe5 Rxe5
36.Qd4 Re8 37.fxe5 Qxe5 38.Qxe5+ Rxe5 39.Bf3 Re1+ 40.Kh2 Rb1 41.b4 a4 42.Bc6 Rb3
43.Bxb5 Rxa3 44.Bc4 Rxc3 45.Bxf7 Rc7 46.Bd5 a3 47.Nf4 Rb7 48.Ne2 Rb5 49.Ba2 Rxb4
50.Nc3 Rb2 51.Bd5 Rd2 52.Be6 Kg7 53.Nb1 a2 54.Bxa2 Rxa2 55.Nc3 Ra3 56.Nd5 Kg6
57.Nf4+ Kf5 58.Nh3 Kg4 59.Ng1 Kf4 60.Nh3+ Ke3 61.Ng1 Kf2 62.Nh3+ Kf1 63.Nf4 Rb3
64.Nh5 Rb6 65.Nf4 Rb3 66.Nh5 Rb4 67.Kg3 Rb3+ 68.Kh2 Rb5 69.Nf4 Rg5 70.Kh3 h5
71.g3 Kf2 72.Kh4 Rg4+ 73.Kxh5 Rxg3 74.Kh6 Kf3 75.Ng6 Kg4 76.Ne7 Kf4 77.Kh5 Rg7
78.Ng6+ Kf5 79.Nh4+ Kf6 80.Nf3 Rg3 81.Nh4 Rg5+ 82.Kh6 Rg3 83.Kh5 Rg5+ 84.Kh6 Rb5
85.Ng6 Rb7 86.Nh4 Rb4 87.Kh5 Rf4 88.Ng6 Rf5+ 89.Kh6 Rf1 90.Nh4 Rh1 91.Kh5  1/2-1/2

[Event "Bled op-B"]
[Site "Bled"]
[Date "1996.??.??"]
[Round "2"]
[White "Semrl, Marjan"]
[Black "Kosmac, Blaz"]
[Result "0-1"]
[WhiteElo "2150"]
[BlackElo "1985"]

1.e4 c5 2.Nf3 e6 3.Nc3 a6 4.d4 cxd4 5.Nxd4 Nc6 6.Nxc6 bxc6 7.Bd3 d5 8.O-O Nf6
9.Re1 Be7 10.e5 Nd7 11.Qh5 Nc5 12.Bf1 O-O 13.Bf4 f5 14.Re3 Qe8 15.Qd1 Rb8
16.Rg3 Rxb2 17.Bh6 Rf7 18.Qh5 Bd7 19.Rc1 d4 20.Nd1 Rxa2 21.Bc4 Ra4 22.Nb2 Rb4
23.Bb3 Ne4 24.Rxg7+ Rxg7 25.Bxe6+ Kf8 26.Bxg7+ Kxg7 27.Qxf5 Bxe6 28.Qxe6 Rxb2
29.f4 Nc5 30.Qc4 Qd7 31.Rd1 Qd5 32.Qe2 Qe4 33.Qg4+ Qg6 34.Qf3 Rxc2 35.f5 Qg5
36.f6+ Kf7 37.fxe7+ Kxe7 38.Qxc6 Qxe5 39.Rf1 Rc1 40.Qf3 Rxf1+ 41.Qxf1 Qe3+
42.Kh1 Nd3 43.h3 Qe1  0-1

[Event "SLO-chT"]
[Site "Bled"]
[Date "1996.??.??"]
[Round "5"]
[White "Novak, Gorazd"]
[Black "Rusjan, Miran"]
[Result "1/2-1/2"]
[WhiteElo "2020"]
[BlackElo "2225"]

1.e4 c5 2.Nf3 e6 3.d4 cxd4 4.Nxd4 a6 5.Nc3 Qc7 6.g3 Nc6 7.Bg2 Nf6 8.Be3 Be7
9.O-O d6 10.Qe2 Bd7 11.f4 Na5 12.Bf2 O-O 13.e5 Ne8 14.Rfe1 Rc8 15.Qh5 Nc4
16.Rab1 b5 17.Nd1 g6 18.Qe2 Ng7 19.b3 Na5 20.Nb2 dxe5 21.Qxe5 Qxe5 22.fxe5 Nf5
23.Nxf5 exf5 24.Re2 Be6 25.Nd3 Nc6 26.Kf1 Rfd8 27.Bb6 Rd7 28.Nc5 Bxc5 29.Bxc5 Nd4
30.Bxd4 Rxd4 31.Bb7 Rb8 32.Bf3 a5 33.Ke1 Rbd8 34.Rf2 Bd5 35.Rd1 Bxf3 36.Rxd4 Rxd4
37.Rxf3 Re4+ 38.Kd2 Rxe5 39.Rf2 b4 40.c4 bxc3+ 41.Kxc3  1/2-1/2

[Event "Bled op-B"]
[Site "Bled"]
[Date "1996.??.??"]
[Round "9"]
[White "Grilc, Andrej"]
[Black "Kovac, S."]
[Result "0-1"]
[WhiteElo "2015"]
[BlackElo "2150"]

1.e4 c5 2.Nf3 e6 3.d4 cxd4 4.Nxd4 a6 5.Nc3 Qc7 6.Bd3 Nc6 7.Be3 Nf6 8.O-O d6
9.f4 Bd7 10.Qf3 Be7 11.Kh1 O-O 12.f5 b5 13.a3 Rac8 14.Qh3 Nxd4 15.Bxd4 e5
16.Be3 Bc6 17.Rae1 Qb7 18.Bd2 a5 19.Qf3 b4 20.axb4 axb4 21.Nd1 d5 22.Nf2 Rcd8
23.Bg5 dxe4 24.Nxe4 Nxe4 25.Bxe7 Nf6  0-1

[Event "GER-chT Federal Cup (Women)"]
[Site "Braunfels"]
[Date "1996.??.??"]
[Round "?"]
[White "Schaefer, Anke"]
[Black "Nuenchert, Eveline"]
[Result "1/2-1/2"]
[WhiteElo "2155"]
[BlackElo "2220"]

1.e4 c5 2.Nc3 e6 3.Nf3 a6 4.d4 cxd4 5.Nxd4 Qc7 6.g3 Nf6 7.Bg2 Nc6 8.O-O Be7
9.Nb3 O-O 10.a4 d6 11.a5 Nd7 12.f4 b5 13.axb6 Nxb6 14.Qe2 Bb7 15.Be3 Rac8
16.Rad1 Nb4 17.f5 Nc4 18.Bc1 Bf6 19.fxe6 fxe6 20.Qg4 Rce8 21.Rf2 Qb6 22.Qe2 Be5
23.Rf1 Rxf2 24.Rxf2 Rf8 25.Nd1 Rxf2 26.Nxf2 Nxb2 27.Be3 Qb5 28.Qg4 Bc8 29.Bf1 Qe8
30.Nd4 Bxd4 31.Bxd4 e5 32.Qg5 exd4 33.Qa5 Nxc2 34.Qa2+ Kh8 35.Qxb2 Ne3 36.Qxd4 Nxf1
37.Kxf1 Qb5+ 38.Kg2 Qc6 39.Qa7 h6 40.Qf7 a5 41.g4 Qd7 42.Qh5 a4 43.g5 Kg8
44.gxh6 gxh6 45.Qxh6 Qg7+ 46.Qxg7+ Kxg7 47.Nd3 a3 48.Nb4 Be6 49.Nc2 a2 50.Kf3 Kg6
51.Kf4 Kf6 52.Na1 Bg8 53.h4 Bf7 54.Nc2 Bb3 55.Na1 Bd1 56.Ke3 Ke5 57.Kd2 Bf3
58.Kc3 Bxe4 59.Kb2 Bb1 60.Nb3 Kf4 61.Nd2 Kg4 62.Nxb1 axb1=Q+ 63.Kxb1 Kxh4  1/2-1/2

[Event "Bucharest"]
[Site "Bucharest"]
[Date "1996.??.??"]
[Round "?"]
[White "Nevednichy, Vladislav"]
[Black "Ionescu, Constantin"]
[Result "*"]
[WhiteElo "2505"]
[BlackElo "2525"]

1.e4 c5 2.Nf3 e6 3.d4 cxd4 4.Nxd4 a6 5.Nc3 b5 6.Bd3 Ne7 7.O-O Nec6 8.Nxc6 Nxc6
9.f4 d6 10.f5 Be7 11.fxe6 Bxe6 12.a4 b4 13.Nd5 Bxd5 14.exd5 Ne5 15.a5 Bg5
16.Bxg5 Qxg5 17.Qe2 Qe7 18.Kh1 Nxd3 19.Qxd3 O-O 20.Rf4 Qb7 21.Ra4 Rfe8 22.h3 Re1+
23.Kh2 Qa7 24.Qd4 Qxd4 25.Rxd4 Re2 26.Raxb4 Rxc2 27.Rb6 h5 28.Rxd6 Rxb2 29.Rc6 Rb7  *

[Event "Budapest FS02 GM"]
[Site "Budapest"]
[Date "1996.??.??"]
[Round "2"]
[White "Enders, Peter"]
[Black "Fancsy, Imre"]
[Result "1-0"]
[WhiteElo "2495"]
[BlackElo "2365"]

1.e4 c5 2.Nf3 e6 3.d4 cxd4 4.Nxd4 a6 5.Nc3 Qc7 6.Be2 b5 7.f4 Bb7 8.Bf3 Nc6
9.Be3 d6 10.Nxc6 Bxc6 11.a3 Nf6 12.Qd4 Be7 13.O-O-O O-O 14.Qb6 Rfc8 15.Qxc7 Rxc7
16.Bb6 Rcc8 17.Ba5 Nd7 18.Rhe1 Nc5 19.Kb1 Nb7 20.Bb6 Kf8 21.Bd4 Be8 22.e5 d5
23.f5 Bc5 24.Ne2 Ke7 25.g4 Bd7 26.Nf4 Bxd4 27.Rxd4 Rab8 28.g5 Kf8 29.f6 g6
30.h4 Na5 31.b3 Rc3 32.Rd3 Rbc8 33.Bd1 Rxd3 34.Nxd3 Nb7 35.Kb2 Nc5 36.Nf2 Rc7
37.c3 Bc8 38.Bc2 Bb7 39.h5 Kg8 40.hxg6 fxg6 41.Nh3 Nd7 42.Nf4 Nf8 43.Ne2 Bc6
44.Nd4 Be8 45.Bd3 Rb7 46.b4 Rb6 47.Kc2 Nd7 48.Kd2 Kf8 49.Bc2 Kf7 50.a4 bxa4
51.Bxa4 Nxf6 52.exf6 Bxa4 53.Nf3 Be8 54.Ne5+ Kg8 55.Ke3 Rb7 56.Kd4 Rc7 57.Rh1 Kh8
58.Rh3 Kg8 59.Rh2 Kh8 60.Ra2 Bb5 61.f7 Kg7 62.Rf2 Kf8 63.Rh2 Rxf7 64.Nxf7 Kxf7
65.Rxh7+ Kg8 66.Ra7  1-0

[Event "Budapest FS12 IM"]
[Site "Budapest"]
[Date "1996.??.??"]
[Round "4"]
[White "Novgorodskij, Vladimir"]
[Black "Fancsy, Imre"]
[Result "0-1"]
[WhiteElo "2365"]
[BlackElo "2325"]

1.e4 c5 2.Nf3 e6 3.d4 cxd4 4.Nxd4 a6 5.Nc3 Qc7 6.Be3 Bb4 7.Bd2 Nf6 8.Bd3 O-O
9.Qf3 Nc6 10.Nxc6 bxc6 11.O-O e5 12.Qg3 Kh8 13.Kh1 Be7 14.Rae1 d6 15.Ne2 Be6
16.c4 Rfb8 17.Bc3 Nd7 18.f4 f6 19.fxe5 Nxe5 20.b3 a5 21.Nd4 Bg8 22.Be2 Bf8
23.Bg4 a4 24.Bf5 Qe7 25.Qh3 axb3 26.axb3 Ra3 27.Re3 h6 28.Rg3 c5 29.Nb5 Ra2
30.Rd1 Rba8 31.Re3 R8a6 32.Ree1 Rb6 33.Bc8 Nxc4 34.bxc4 Bxc4 35.Nxd6 Rxd6
36.Rxd6 Qxd6 37.e5 fxe5 38.Qf5 Qf6 39.Bxe5 Qxf5 40.Bxf5 Bd5 41.Rd1 Re2 42.Bg3 Bxg2+
43.Kg1 Bc6 44.Bg4 Re8 45.Bh5 Rc8 46.Bg4 Re8 47.Bh5 Ra8 48.Rc1 Be7 49.Kf2 Bf6
50.Bd6 Ra2+ 51.Ke1 Bh4+ 52.Bg3 Rxh2 53.Bxh4 Rxh4 54.Rxc5 Be4 55.Kf2 Kh7 56.Be2 Rh2+
57.Ke3 Bg6 58.Rc8 h5 59.Bf3 Rh4 60.Bd5 Ra4 61.Rc6 Rb4 62.Bg8+ Kxg8 63.Rxg6 Kh7
64.Ra6 g6 65.Kf3 Kh6 66.Ra5 Rb3+ 67.Kg2 h4 68.Kh2 g5 69.Kg2 Kh5 70.Ra4 Rb2+
71.Kg1 h3 72.Kh1 g4 73.Ra1 Rf2 74.Rb1 g3 75.Rb5+ Kg4 76.Rb1 Kf4 77.Rb5 Kg4
78.Rb1 Rf4 79.Rg1 Re4 80.Rf1 h2  0-1

[Event "Budapest FS10 IM"]
[Site "Budapest"]
[Date "1996.??.??"]
[Round "4"]
[White "Bigaliev, Renat"]
[Black "Murzin, Lenar"]
[Result "1/2-1/2"]
[WhiteElo "2430"]
[BlackElo "2230"]

1.e4 c5 2.Nf3 e6 3.Nc3 a6 4.d4 cxd4 5.Nxd4 d6 6.g3 Nc6 7.Bg2 Bd7 8.O-O Nf6
9.Nxc6 Bxc6 10.a4 Be7 11.Be3 O-O 12.Qe2 Qc7 13.Rfd1 b6 14.Bf4 Rfd8 15.e5 dxe5
16.Qxe5 Qb7 17.Bxc6 Qxc6 18.Qc7 Qxc7 19.Bxc7 Rxd1+ 20.Rxd1 Bc5 21.Bd6 Rd8
22.Bxc5 Rxd1+ 23.Nxd1 bxc5 24.Kf1 Kf8 25.Ke2 Ke7 26.Ne3 Nd7 27.Kd3 Kd6 28.f4 f6
29.c3 Kc6 30.Nc4 Nb8 31.Ke4 Nd7 32.g4 h6 33.h4 Nf8 34.f5 e5 35.Na5+ Kd6 36.Nc4+ Kc6
37.Ne3 Nd7 38.Nd5 a5 39.b3 Kd6 40.Ne3 Nb6 41.c4 Kc6 42.Nf1 Nc8 43.Ng3 Nd6+
44.Ke3 Kd7 45.Nh5 Ne8  1/2-1/2

[Event "EUCup f"]
[Site "Budapest"]
[Date "1996.??.??"]
[Round "4"]
[White "Malisauskas, Vidmantas"]
[Black "Chuchelov, Vladimir"]
[Result "1/2-1/2"]
[WhiteElo "2525"]
[BlackElo "2490"]

1.e4 c5 2.Nf3 e6 3.d4 cxd4 4.Nxd4 a6 5.Nc3 Qc7 6.g3 Nf6 7.Bg2 Be7 8.f4 d6
9.O-O Nc6 10.Be3 O-O 11.Nb3 b5 12.g4 b4 13.Na4 Nd7 14.g5 Re8 15.c3 a5 16.c4 Bb7
17.Rc1 Rac8 18.Rf3 Bf8 19.Rh3 g6 20.Qe1 Bg7 21.Qf2 Qb8 22.c5 dxc5 23.Nbxc5 Nxc5
24.Nxc5 Red8 25.e5 Ba8 26.Qh4 Ne7 27.Qxh7+ Kf8 28.Bxa8 Qxa8 29.Qh4 Nf5 30.Qe1 Kg8
31.Bf2 Qd5 32.Rd3 Qxa2 33.Rxd8+ Rxd8 34.b3 Bf8 35.Ra1 Qc2 36.Rc1 Qa2 37.Ra1 Qc2
38.Rc1 Qb2 39.Rb1  1/2-1/2

[Event "Budapest FS02 IM"]
[Site "Budapest"]
[Date "1996.??.??"]
[Round "5"]
[White "Ivakhin, Maxim"]
[Black "Kiss, Fernanda"]
[Result "1-0"]
[WhiteElo "2300"]
[BlackElo "2160"]

1.e4 c5 2.Nf3 e6 3.d4 cxd4 4.Nxd4 a6 5.Nc3 Qc7 6.g3 Nf6 7.Bg2 Nc6 8.O-O Be7
9.a4 O-O 10.Nb3 d5 11.exd5 exd5 12.Bf4 Qb6 13.a5 Qa7 14.Nxd5 Nxd5 15.Bxd5 Bf6
16.c3 Rd8 17.Bc7 Re8 18.Re1 Bf5 19.Qf3 Bg6 20.Bb6 Qb8 21.Nc5 Ne5 22.Qg2 Bh5
23.Bxb7  1-0

[Event "Spring op"]
[Site "Budapest"]
[Date "1996.??.??"]
[Round "5"]
[White "Sziebert, Adam"]
[Black "Horvath, Jozsef"]
[Result "0-1"]
[WhiteElo "2325"]
[BlackElo "2505"]

1.e4 c5 2.Nf3 e6 3.d4 cxd4 4.Nxd4 a6 5.Nc3 d6 6.Be2 b5 7.a4 b4 8.Na2 Nf6
9.Bf3 Bb7 10.Qe2 e5 11.O-O Nbd7 12.Nb3 a5 13.Rd1 Bc6 14.Nd2 Bxa4 15.b3 Bc6
16.c3 Be7 17.cxb4 axb4 18.Nc4 O-O 19.Bd2 Qb8 20.Nxb4 Rxa1 21.Rxa1 Ba8 22.Ne3 g6
23.g4 Nc5 24.Ned5 Nxd5 25.Rxa8 Qxa8 26.Nxd5 Bd8 27.Bh6 Re8 28.Qe3 Ne6 29.b4 Nd4
30.Kg2 Kh8  0-1

[Event "Budapest FS02 IM"]
[Site "Budapest"]
[Date "1996.??.??"]
[Round "9"]
[White "Kiss, Gedeon"]
[Black "Kiss, Fernanda"]
[Result "1-0"]
[WhiteElo "2130"]
[BlackElo "2160"]

1.e4 c5 2.Nf3 e6 3.d4 cxd4 4.Nxd4 a6 5.Nc3 Qc7 6.Be2 Nf6 7.O-O Nc6 8.Be3 b5
9.f4 b4 10.Na4 Nxe4 11.Bf3 d5 12.f5 Bd6 13.Bxe4 dxe4 14.fxe6 O-O 15.Rxf7 Ne7
16.Rxf8+ Kxf8 17.Qf1+ Kg8 18.Qf7+ Kh8 19.Nf5 Ng8 20.Nb6 Rb8 21.Nxc8 Rxc8
22.e7  1-0

[Event "Budapest FS12 IM"]
[Site "Budapest"]
[Date "1996.??.??"]
[Round "9"]
[White "Sziebert, Adam"]
[Black "Fancsy, Imre"]
[Result "1-0"]
[WhiteElo "2300"]
[BlackElo "2325"]

1.e4 c5 2.Nf3 e6 3.d4 cxd4 4.Nxd4 a6 5.Nc3 Qc7 6.Be2 b5 7.O-O Bb7 8.Bf3 Nc6
9.a4 b4 10.Nxc6 dxc6 11.Na2 a5 12.c3 Ba6 13.Re1 Rd8 14.Qc2 Bd3 15.Qb3 c5
16.Bg5 Be7 17.Bxe7 Nxe7 18.cxb4 cxb4 19.Rac1 Qb6 20.Red1 Ba6 21.Rxd8+ Qxd8
22.Qe3 O-O 23.Qa7 Qd2 24.Rd1 Qxb2 25.Nc1 Rc8 26.Qxe7 Qxc1 27.h4 g6 28.Rxc1 Rxc1+
29.Kh2 b3 30.Qd8+ Kg7 31.Qd4+ Kg8 32.Qb2 Rc4 33.Qxb3 Rb4 34.Qc3 h5 35.Qc5 Rxa4
36.Qc6  1-0

[Event "Budapest FS10 IM"]
[Site "Budapest"]
[Date "1996.??.??"]
[Round "11"]
[White "Szabo, Zsolt"]
[Black "Murzin, Lenar"]
[Result "1-0"]
[WhiteElo "2265"]
[BlackElo "2230"]

1.e4 c5 2.Nf3 e6 3.Nc3 a6 4.d4 cxd4 5.Nxd4 d6 6.Bc4 Nf6 7.Bb3 Nc6 8.f4 Na5
9.Qf3 b5 10.O-O Nxb3 11.axb3 Bb7 12.b4 Be7 13.f5 e5 14.Nde2 Rc8 15.Bg5 O-O
16.Bxf6 Bxf6 17.Rfd1 Rc4 18.b3 Rc8 19.Ra2 Bg5 20.Qf2 Qe7 21.Nd5 Bxd5 22.Rxd5 Rc6
23.c3 Rfc8 24.g3 Qb7 25.Kg2 Rxc3 26.Nxc3 Rxc3 27.Rc2 Be3 28.Qe2 Rxb3 29.Qg4 h6
30.f6 g6 31.Rxd6 h5 32.Qc8+ Qxc8 33.Rxc8+ Kh7 34.Rc7 Rb2+ 35.Kf1 Rxh2 36.Rxf7+ Kh6
37.Rc7 Kg5 38.f7 Rf2+ 39.Ke1 a5 40.bxa5 b4 41.Rd8 Kg4 42.f8=Q Rxf8 43.Rxf8 Kxg3
44.Ke2 Bd4 45.Rg7 b3 46.Rxg6+ Kh4 47.Rf1  1-0

[Event "Budapest FS04 GM"]
[Site "Budapest"]
[Date "1996.??.??"]
[Round "12"]
[White "Tolnai, Tibor"]
[Black "Kozlov, Oleg"]
[Result "0-1"]
[WhiteElo "2450"]
[BlackElo "2370"]

1.e4 c5 2.Nf3 e6 3.d4 cxd4 4.Nxd4 a6 5.Nc3 Qc7 6.f4 b5 7.Bd3 Bb7 8.Qf3 f5
9.Qe2 b4 10.Nd1 fxe4 11.Bxe4 Nf6 12.Bxb7 Qxb7 13.Nf3 Bc5 14.Be3 Qb6 15.Bxc5 Qxc5
16.Nf2 Nc6 17.O-O-O O-O 18.Ne4 Nxe4 19.Qxe4 Ra7 20.g3 Rc7 21.Kb1 h6 22.Rd2 a5
23.Rhd1 Rf7 24.b3 Na7 25.Nd4 Nc8 26.Qe2 Rb7 27.Qg2 Rb6 28.Nf3 d5 29.Ne5  0-1

[Event "Buenos Aires op"]
[Site "Buenos Aires"]
[Date "1996.??.??"]
[Round "?"]
[White "German, Gustavo"]
[Black "Urday, Henry"]
[Result "1-0"]
[WhiteElo "2440"]
[BlackElo "2470"]

1.e4 c5 2.Nf3 e6 3.d4 cxd4 4.Nxd4 a6 5.Nc3 Qc7 6.Be2 b5 7.O-O Bb7 8.Re1 b4
9.Nd5 exd5 10.exd5 Kd8 11.Bh5 Bxd5 12.Bg5+ Nf6 13.Nf5 Qc6 14.Ne3 Be4 15.Bxf7 Bc5
16.Nd5 Bg6 17.Nxf6 gxf6 18.Re6 Bxf2+ 19.Kxf2 Qc5+ 20.Be3 Qf5+ 21.Kg1 Bxf7
22.Bb6+ Kc8 23.Qd6 Qxc2 24.Rxf6 Bg6 25.Qf4 Kb7 26.Rc1 Qxc1+ 27.Qxc1 Nc6 28.Bf2 a5
29.Qc5 Be8 30.Qb6+ Kc8 31.Rxc6+ dxc6 32.Bg3  1-0

[Event "California-ch"]
[Site "?"]
[Date "1996.??.??"]
[Round "4"]
[White "Izumikawa, Burt"]
[Black "Mar, Craig"]
[Result "1-0"]
[WhiteElo "2385"]
[BlackElo "2420"]

1.e4 c5 2.Nf3 e6 3.Nc3 a6 4.d4 cxd4 5.Nxd4 b5 6.Bd3 Qc7 7.O-O Nf6 8.Kh1 Bb7
9.Qe2 d6 10.f4 Nbd7 11.Bd2 Qc5 12.a3 h5 13.Rae1 Ng4 14.Nb3 Qb6 15.Nd5 Bxd5
16.exd5 e5 17.Bf5 Be7 18.Bc3 Bf6 19.Bxg4 hxg4 20.Qxg4 a5 21.h3 b4 22.axb4 axb4
23.fxe5 Bxe5 24.Rxf7 Kxf7 25.Qe6+ Kf8 26.Bxe5  1-0

[Event "Cannes op"]
[Site "Cannes"]
[Date "1996.??.??"]
[Round "4"]
[White "Claverie, Christophe"]
[Black "Sulava, Nenad"]
[Result "0-1"]
[WhiteElo "2325"]
[BlackElo "2480"]

1.e4 c5 2.Nf3 e6 3.d4 cxd4 4.Nxd4 a6 5.Nc3 d6 6.g3 Nf6 7.Bg2 Qc7 8.O-O Be7
9.Nb3 Nc6 10.a4 b6 11.f4 Rb8 12.Qe2 O-O 13.Be3 Na5 14.Rad1 Nc4 15.Bc1 b5
16.axb5 axb5 17.h3 b4 18.Nb1 Ba6 19.Rfe1 Bd8 20.Kh2 Qa7 21.Qf3 Bb6 22.g4 d5  0-1

[Event "Cannes Martinez op"]
[Site "Cannes"]
[Date "1996.??.??"]
[Round "8"]
[White "Masserey, Yvan"]
[Black "Catteau, Bruno"]
[Result "1/2-1/2"]
[WhiteElo "2305"]
[BlackElo "2180"]

1.e4 c5 2.Nf3 e6 3.d4 cxd4 4.Nxd4 a6 5.Nc3 Qc7 6.f4 Nc6 7.Be2 b5 8.Be3 Bb7
9.Nxc6 Bxc6 10.Bf3 d6 11.a3 Nf6 12.O-O Be7 13.Qe1 O-O 14.Qg3 Kh8 15.Bd4 Rac8
16.Rae1 a5 17.e5 Ne8 18.Ne4 Bxe4 19.Bxe4 d5 20.Bd3 Bc5 21.Bxc5 Qxc5+ 22.Kh1 g6
23.Qh4 b4 24.axb4 axb4 25.Rf3 Rg8 26.b3 Ra8 27.Qh6 Rg7 28.h4 Qe7 29.g4 Ra2
30.Qg5 Qxg5 31.hxg5 Nc7 32.Kg2 Na6 33.Bxa6 Rxa6 34.c3 Ra2+ 35.Kg3  1/2-1/2

[Event "Cannes Martinez op"]
[Site "Cannes"]
[Date "1996.??.??"]
[Round "8"]
[White "Nedev, Trajce"]
[Black "Oratovsky, Michael"]
[Result "1/2-1/2"]
[WhiteElo "2415"]
[BlackElo "2485"]

1.e4 c5 2.Nf3 e6 3.d4 cxd4 4.Nxd4 a6 5.Nc3 b5 6.Bd3 Qb6 7.Nde2 Qc7 8.O-O Bb7
9.Bf4 d6 10.a4 b4 11.Na2 Nf6 12.Nxb4 Nxe4 13.Bxe4 Bxe4 14.Nc3 Bb7 15.Re1 Be7
16.Qe2 Qa5 17.Nd3 Qf5 18.Nd1 O-O 19.Ne3 Qg6 20.Bg3 Nc6 21.c3 Rfe8 22.b4 Bf8
23.Rad1 f5 24.b5  1/2-1/2

[Event "Catalunya-chT"]
[Site "Catalunya"]
[Date "1996.??.??"]
[Round "?"]
[White "Rahal, Michael"]
[Black "Ayza Ballester, Jordi"]
[Result "1/2-1/2"]
[WhiteElo "2340"]
[BlackElo "2310"]

1.e4 c5 2.Nf3 e6 3.d4 cxd4 4.Nxd4 a6 5.Nc3 Qc7 6.Be2 Nf6 7.O-O Be7 8.f4 d6
9.Bf3 Nc6 10.Be3 O-O 11.Qe1 Nxd4 12.Bxd4 e5 13.Be3 exf4 14.Bxf4 Be6 15.e5 Nd7
16.exd6 Bxd6 17.Bxd6 Qxd6 18.Kh1 Nf6 19.Ne4 Nxe4 20.Qxe4 Rab8  1/2-1/2

[Event "Celle Ligure op"]
[Site "Celle Ligure"]
[Date "1996.??.??"]
[Round "6"]
[White "Di Paolo, Raffaele"]
[Black "Ayza Ballester, Jordi"]
[Result "1/2-1/2"]
[WhiteElo "2275"]
[BlackElo "2310"]

1.e4 c5 2.Nf3 e6 3.d4 cxd4 4.Nxd4 a6 5.Nc3 Qc7 6.Bd3 Nf6 7.O-O Be7 8.Kh1 Nc6
9.Nxc6 dxc6 10.f4 b6 11.e5 Nd7 12.Qg4 g6 13.Be3 Nc5 14.Be2 Bb7 15.Rad1 Rd8
16.b4 Rxd1 17.Rxd1 Nd7 18.Ne4 O-O 19.Nd6 c5 20.bxc5 bxc5 21.Bc4 Nf6 22.exf6 Bxd6
23.h4 Re8 24.h5 Be4 25.hxg6 hxg6 26.Rf1 Bf5 27.Qh4 Qc6 28.Kh2 Qe4 29.Rd1 Bf8
30.Bd3 Qxe3 31.Re1 Qd4 32.Bxf5 Qa4 33.Bd3 e5 34.Re4 Qc6 35.Re3 Qa4 36.Re4 Qc6
37.fxe5 Qc7 38.Qg5 Rxe5 39.Rxe5 Bd6 40.g3 Bxe5 41.Bc4 Kh7 42.Bxf7 Bxg3+ 43.Qxg3 Qxf7
44.Qh3+ Kg8 45.Qc8+ Qf8 46.Qe6+ Qf7 47.Qxa6 Qd5 48.a4 Qd2+ 49.Kg3 Qc3+ 50.Qd3 Qe5+
51.Kg4 Kf7 52.Qc4+ Kxf6 53.Qf4+ Ke6 54.Qxe5+ Kxe5 55.Kg5 Kd5 56.Kxg6 Kc4
57.Kf5 Kb4 58.Ke5 Kxa4 59.Kd5 Kb5 60.c3 Kb6 61.c4 Kb7  1/2-1/2

[Event "Ceske Budejovice op"]
[Site "Ceske Budejovice"]
[Date "1996.??.??"]
[Round "3"]
[White "Kucera, Petr"]
[Black "Stripunsky, Alexander"]
[Result "1-0"]
[WhiteElo "2330"]
[BlackElo "2440"]

1.e4 c5 2.Nf3 e6 3.d4 cxd4 4.Nxd4 a6 5.Nc3 Qc7 6.g3 Nf6 7.Bg2 Nc6 8.O-O h6
9.h3 Nxd4 10.Qxd4 Bc5 11.Qd3 d6 12.Be3 Bxe3 13.Qxe3 e5 14.Rfd1 Be6 15.Rd2 O-O
16.Rad1 Rfd8 17.f4 Rac8 18.f5 Bc4 19.a3 Qc6 20.g4 a5 21.a4 Rd7 22.Bf3 Rcd8
23.h4 Qc5 24.Kf2 Qc7 25.g5 d5 26.gxf6 d4 27.Qe1 dxc3 28.Rxd7 Rxd7 29.Rxd7 Qxd7
30.Qxc3 Ba6 31.fxg7 Qe7 32.Kg3 Qf6 33.Qc8+ Kxg7 34.Qc7 b6 35.b3 Bf1 36.c3 Bd3
37.b4 axb4 38.cxb4 Kg8 39.b5 Qg7+ 40.Kf2 Qf6 41.Ke3 Bf1 42.Bh5 Bg2 43.Qxf7+ Qxf7
44.Bxf7+ Kxf7 45.a5 Bf1 46.axb6  1-0

[Event "Cetinje"]
[Site "Cetinje"]
[Date "1996.??.??"]
[Round "?"]
[White "Brajovic, Radovan"]
[Black "Poluljahov, Aleksandr"]
[Result "0-1"]
[WhiteElo "2390"]
[BlackElo "2480"]

1.e4 c5 2.Nf3 e6 3.d4 cxd4 4.Nxd4 a6 5.Nc3 Qc7 6.Bd3 Nc6 7.Be3 Nf6 8.O-O Nxd4
9.Bxd4 Bc5 10.Bxc5 Qxc5 11.Qe2 d6 12.Kh1 b5 13.f4 b4 14.Nb1 e5 15.Nd2 O-O
16.a3 exf4 17.axb4 Qxb4 18.Nc4 Qb8 19.Qf2 Be6 20.Nb6 Ra7 21.Qd4 a5 22.b3 Ng4
23.Rxf4 Ne5 24.Nd5 Bxd5 25.exd5 Rc8 26.h3 g6 27.Rf2 Rc5 28.Bf1 Rb7 29.Ra3 Rb4
30.Qa1 Qb6 31.Rd2 Kg7 32.Qa2 Rc3 33.Re2 Rf4 34.Qb1 Rg3 35.Qe1 Rg5 36.Ra1 Rgf5
37.Rxe5 Rxf1+ 38.Kh2 Rxe1 39.Rexe1 Rxd5  0-1

[Event "Cetinje"]
[Site "Cetinje"]
[Date "1996.??.??"]
[Round "?"]
[White "Tringov, Georgi P"]
[Black "Tosic, Miroslav"]
[Result "0-1"]
[WhiteElo "2440"]
[BlackElo "2415"]

1.e4 c5 2.Nf3 e6 3.d4 cxd4 4.Nxd4 a6 5.Nc3 Qc7 6.g3 Nf6 7.Bg2 Be7 8.O-O O-O
9.Qe2 d6 10.Be3 Nbd7 11.Rad1 Nb6 12.Kh1 Bd7 13.f4 Rac8 14.Bc1 Rfd8 15.g4 Na4
16.Nxa4 Bxa4 17.g5 Ne8 18.b3 Bd7 19.c4 Bf8 20.f5 e5 21.Nc2 b5 22.Ne3 bxc4
23.bxc4 Bc6 24.f6 Ba4 25.fxg7 Bxg7 26.Rd3 d5 27.Rxd5 Bd7 28.Rfd1 Be6 29.Rxd8 Rxd8
30.Rxd8 Qxd8 31.Nd5 Nd6 32.c5 Nb5 33.Be3 Bf8 34.c6 Qa5 35.h3 Nd4 36.Bxd4 exd4
37.Qc2 Qe1+  0-1

[Event "Capablanca mem-B"]
[Site "Cienfuegos"]
[Date "1996.??.??"]
[Round "6"]
[White "Mitkov, Nikola"]
[Black "Bellon Lopez, Juan Manuel"]
[Result "0-1"]
[WhiteElo "2475"]
[BlackElo "2505"]

1.e4 c5 2.Nf3 e6 3.Nc3 a6 4.d4 cxd4 5.Nxd4 Qa5 6.Bd3 Nf6 7.O-O Be7 8.Be3 d6
9.f4 Nc6 10.Qf3 O-O 11.Kh1 Nxd4 12.Bxd4 e5 13.Be3 exf4 14.Bxf4 Be6 15.Rad1 Bg4
16.Qf2 Bxd1 17.Rxd1 Rac8 18.h3 Qb4 19.Bc1 b5 20.Qa7 Qc5 21.Qxe7 Rc7 22.b4 Qxc3
23.Qxd6 Rd7 24.Qf4 Qxb4 25.Bd2 Qd4 26.Be3 Qa4 27.Rf1 Re8 28.Qf5 Qxa2 29.e5 Rd5
30.Bd4 Rxd4 31.exf6 g6 32.Qg5 Qa3 33.Qh6 Qf8 34.Qg5 Re6 35.h4 Qd6 36.Kg1 Qe5  0-1

[Event "CZE-chT 9596"]
[Site "?"]
[Date "1996.??.??"]
[Round "1"]
[White "Stocek, Jiri"]
[Black "Movsesian, Sergei"]
[Result "1/2-1/2"]
[WhiteElo "2465"]
[BlackElo "2580"]

1.e4 c5 2.Nf3 e6 3.Nc3 a6 4.d4 cxd4 5.Nxd4 Qc7 6.Bd3 Nf6 7.Bg5 Be7 8.f4 d6
9.Nf3 Nbd7 10.Qe2 h6 11.Bh4 e5 12.fxe5 dxe5 13.O-O-O O-O 14.g4 Bb4 15.Nd5 Nxd5
16.exd5 Bd6 17.g5 h5 18.g6 Nc5 19.Ng5 Nxd3+ 20.Qxd3 fxg6 21.Ne6 Bxe6 22.dxe6 Rac8
23.Qxg6 Rf4 24.Bg5 Rf2 25.Rd2 Rxd2 26.Bxd2 Rf8 27.Rg1 Bc5 28.Rd1 Bd4 29.c3 Rf6
30.Qe8+ Rf8 31.Qxh5 Bc5 32.Bg5 Qc6 33.e7 Re8 34.Rd8 g6 35.Rxe8+ Qxe8 36.Qh4 b5
37.a4 Kf7 38.axb5 axb5 39.Qh7+ Ke6 40.Qg7 Bxe7 41.Bxe7 Qxe7 42.Qxg6+ Kd5
43.Qd3+ Kc5 44.Qe4 Qf6 45.h4 Qf1+ 46.Kc2 Qf2+ 47.Kd3 Qf1+ 48.Kc2 Qf2+ 49.Kb1 Qf1+
50.Ka2 Qf7+ 51.b3 Qf2+ 52.Ka3 Qf4 53.Qb4+ Kc6 54.Qxf4 exf4 55.h5 f3 56.h6 f2
57.h7 f1=Q 58.h8=Q b4+ 59.cxb4 Qa6+ 60.Kb2 Qe2+ 61.Kc3  1/2-1/2

[Event "CZE-chT 9596"]
[Site "?"]
[Date "1996.??.??"]
[Round "2"]
[White "Mrva, Martin"]
[Black "Ioseliani, Nana"]
[Result "0-1"]
[WhiteElo "2385"]
[BlackElo "2485"]

1.e4 c5 2.Nf3 e6 3.Nc3 a6 4.d4 cxd4 5.Nxd4 Qc7 6.Bd3 Nf6 7.O-O Be7 8.Kh1 O-O
9.f4 d6 10.Qf3 Nc6 11.Nxc6 bxc6 12.Qg3 d5 13.e5 Nd7 14.f5 exf5 15.Bf4 Nc5
16.Bh6 g6 17.Bxf5 Re8 18.Bxc8 Qxc8 19.Qf3 Qe6 20.Ne2 g5 21.Qh3 Ne4 22.Rf5 Qg6
23.Raf1 g4 24.Qe3 f6 25.exf6 Bxf6 26.Qf4 Be7 27.Nc3 Nd6 28.Re5 Nf7 29.Qe3 Nxe5
30.Qxe5 Qxh6 31.Nxd5 cxd5 32.Qxd5+ Kh8  0-1

[Event "CZE-chT 9596"]
[Site "?"]
[Date "1996.??.??"]
[Round "4"]
[White "Vavra, Pavel"]
[Black "Langner, Ladislav"]
[Result "0-1"]
[WhiteElo "2350"]
[BlackElo "2360"]

1.e4 c5 2.Nf3 e6 3.d4 cxd4 4.Nxd4 a6 5.Nc3 b5 6.Bd3 Bb7 7.O-O b4 8.Nce2 Nf6
9.Ng3 h5 10.e5 Ng4 11.Nf3 Bxf3 12.Qxf3 Nc6 13.Qe2 Ncxe5 14.Bf4 Nxd3 15.Qxd3 Nxh2
16.Rfe1 Ng4 17.Rad1 Be7 18.Qf3 Rc8 19.Nxh5 Rxh5 20.Qxg4 Rh4 21.Qg3 Rxc2 22.Rxe6 fxe6
23.Qg6+ Kf8 24.Be5 Bf6 25.Bxf6 Qxf6 26.Qxc2 d5 27.Rd3 Rc4 28.Qd2 Qh6 29.Re3 d4
30.Rf3+ Ke7 31.Qxh6 gxh6 32.Rd3 e5 33.Rd2 e4 34.Kh2 d3 35.Kg3 Rc2 36.Rd1 Rxb2
37.f3 Rxa2 38.fxe4 Ke6 39.Rxd3 Ra3  0-1

[Event "CZE-chT 9596"]
[Site "?"]
[Date "1996.??.??"]
[Round "7"]
[White "Michalek, Jan"]
[Black "Votava, Jan"]
[Result "0-1"]
[WhiteElo "2285"]
[BlackElo "2540"]

1.e4 c5 2.Nf3 e6 3.d4 cxd4 4.Nxd4 a6 5.Nc3 Qc7 6.Bd3 Nf6 7.O-O d6 8.Qe2 Be7
9.Kh1 O-O 10.f4 Nbd7 11.a4 Rd8 12.Nb3 b6 13.Bd2 Bb7 14.Rae1 g6 15.e5 Nh5
16.Qf2 Nc5 17.Nxc5 bxc5 18.exd6 Bxd6 19.Ne4 c4 20.Be2 Bxe4 21.Bxh5 Bxc2 22.Bc3 Bd3
23.Be2 Bc5 24.Qf3 Rac8 25.Bxd3 cxd3 26.Rd1 Qd6 27.Qe4 Qd5 28.Qe1 Qc4 29.b3 Qd5
30.h3 Be7 31.Ba1 Qxb3 32.f5 Qd5 33.fxg6 hxg6 34.Qf2 f5 35.Qg3 Kf7 36.Rfe1 d2
37.Rf1 Rc4 38.Qe3 Rxa4 39.Qh6 Rxa1 40.Qh7+ Kf6 41.Rxa1 Qd4 42.Qh6 Bf8 43.Qh7 Bg7  0-1